Bradley Cooper Movies - Statistics

General Stats
  • This quiz has been taken 123 times
    98 since last reset
  • The average score is 4 of 23
Answer Stats
Hint Answer % Correct
2009 the hangover
80%
2012 Silver Linings Playbook
66%
2011 Limitless
53%
2005 Wedding Crashers
43%
2011 Hangover 2
23%
2010 The A-Team
23%
2006 Failure to Launch
16%
2008 Yes Man
15%
2010 Valentine's Day
14%
2012 The Words
13%
2009 All About Steve
10%
2009 He's Just not that into you
10%
2001 Wet Hot American Summer
8%
2012 Hit and Run
7%
2002 Bending all the Rules
6%
2008 Midnight Meat Train
6%
2009 Case 39
5%
2002 My Little Eye
3%
2009 New York, I love you
2%
2008 The Rocker
2%
2010 Brother's Justice
0%
2008 Older the America
0%
2007 The Comebacks
0%
No matching quizzes found
Score Distribution
Percent of People with Each Score
Percentile by Number Answered
Your Score History
You have not taken this quiz since the last reset